MARC

LEADER 00000nam a22000007a 4500
001 25234
003 AGDB
005 20260324181100.0
008 220404b spa||||| |||| 00| 0 cat d
017 |a B 18504-2021 
040 |a agdb  |b cat 
100 |a Contreras, Josep  |9 52626  |e textos 
245 |a #MiremElPassat :  |b Esports 
246 |a Mirem el passat :   |b Esports 
260 |a Barcelona :  |b Diputació de Barcelona ;   |c Desembre de 2021 
300 |a 145 Pàgines ;   |b il·lustracion b/n ;   |c 15 x 21 cm 
490 |a #MiremElPassat 
610 0 |a Arxiu General de la Diputació de Barcelona  |b Col·leccions de fotografies  |9 52705 
650 0 |a Esports  |z Catalunya  |x Història  |9 35167 
650 0 |a Esports  |z Catalunya  |x Història  |v Llibres de làmines  |9 70585 
650 0 |a Esports  |z Catalunya  |x Història  |v Exposicions  |9 70586 
700 2 |a Juandó Alegret, Frederic,  |d 1882-1961  |9 52688  |e fotografies 
700 2 |a Juncadella, Emili  |d 1908-1915  |9 6282  |4 fotografies 
856 4 0 |u https://www.diba.cat/documents/227879549/360100532/cataleg_Mirem+el+Passat_Esports+2021_web.pdf/d7cb3a32-ae98-7120-8b28-eef7f93c759b?t=1636967590957  |z Accés lliure 
942 |c ARXIU  |2 udc  |n 1 
952 |0 0  |1 0  |2 udc  |4 0  |6 BIB496  |7 1  |9 61215  |a Arxiu  |b Arxiu  |d 2022-04-04  |o Bib-496  |p 25234  |r 2022-04-04 00:00:00  |w 2022-04-04  |y ARXIU 
952 |0 0  |1 0  |2 udc  |4 0  |6 PDL  |7 1  |9 64190  |a Arxiu  |b Arxiu  |d 2022-11-14  |l 0  |o PDL  |p 26902  |r 2022-11-14 00:00:00  |w 2022-11-14  |y ARXIU 
952 |0 0  |1 0  |2 udc  |4 0  |6 PDL  |7 1  |9 64191  |a Arxiu  |b Arxiu  |d 2022-11-14  |l 0  |o PDL  |p 26903  |r 2022-11-14 00:00:00  |w 2022-11-14  |y ARXIU 
999 |c 81250  |d 81250